|
|
|
|
| LEADER |
01097nam a22002897a 4500 |
| 001 |
32385 |
| 003 |
BD-DhAAL |
| 005 |
20211116112816.0 |
| 008 |
171205t2011 nvua|||| bi|| 00| 0 eng d |
| 999 |
|
|
|c 38309
|d 38309
|
| 020 |
|
|
|a 9780982930250
|
| 020 |
|
|
|a 0982930259
|
| 040 |
|
|
|a BD-DhAAL
|
| 082 |
|
|
|a 658.4012
|
| 100 |
|
|
|a Simon, Phil
|9 24197
|
| 245 |
|
|
|a The age of the platform :
|b how amazon, apple, facebook, and google have redefined business /
|c Phil Simon
|
| 260 |
|
|
|a Las Vegas ;
|a Nevada :
|b Motion Publishing, LLC,
|c 2011
|
| 300 |
|
|
|a xxx, 279 pages :
|b illustrations ;
|c 21 cm.
|
| 504 |
|
|
|a Includes bibliographical references and index.
|
| 526 |
|
|
|a AAL
|
| 541 |
|
|
|a Trim Education
|e 32385
|
| 650 |
|
|
|a Business planning
|9 24198
|
| 650 |
|
|
|a New business enterprises.
|9 24199
|
| 650 |
|
|
|a Business
|x Data processing
|9 24200
|
| 852 |
|
|
|a Ayesha Abed Library
|
| 942 |
|
|
|2 ddc
|c BK
|
| 952 |
|
|
|0 0
|1 0
|2 ddc
|4 0
|6 658_401200000000000_SIM
|7 0
|9 62015
|a BRACUL
|b BRACUL
|c PROC
|d 2017-11-28
|e Trim Education
|g 2400.00
|l 2
|m 28
|o 658.4012 SIM
|p 3010032385
|r 2024-01-28
|s 2023-09-09
|t 1
|v 2400.00
|w 2017-11-28
|y BK
|